=LDR 00000nam 2200000 4500 =001 NUTBA000000000002158 =005 20140605144127.0 =006 =007 =008 =035 ##$$a 0010-061400000000101 =082 ##$$a 307.72 =100 ##$$a norman long =245 ##$$a SOIOLOGI PEMBANGUNAN PEDESAAN =260 ##$$a JAKARTA $b BINA AKSARA $c 1987 =990 ##$$a 21400613/BPAP-NTB/20142014